Understanding market, credit, and operational risk: the value at risk approach
Сохранить в:
| Главные авторы: | , , |
|---|---|
| Формат: | |
| Язык: | английский |
| Опубликовано: |
Malden
Blackwell
2004
|
| Редактирование: | 1a. ed |
| Предметы: | |
| Метки: |
Добавить метку
Нет меток, Требуется 1-ая метка записи!
|
MARC
| LEADER | 00000nam a2200000 a 4500 | ||
|---|---|---|---|
| 001 | UCJ9039 | ||
| 003 | CL-VaPUC | ||
| 008 | 070302e20040000US |||||||||||||||||eng|d | ||
| 020 | |a 0631227091 | ||
| 082 | 0 | 4 | |a 332.1 |b ALL |2 21 |
| 100 | 0 | |a Allen, Linda |e author |9 518931 | |
| 700 | 0 | |a Boudoukh, Jacob |e author |9 518932 | |
| 700 | 0 | |a Saunders, Anthony |e author |9 518933 | |
| 245 | 1 | 0 | |a Understanding market, credit, and operational risk: the value at risk approach |
| 250 | |a 1a. ed | ||
| 300 | |a 284 p | ||
| 942 | |c BK | ||
| 945 | |d 20070302 00:00:00 |a cmena | ||
| 260 | |a Malden |b Blackwell |c 2004 | ||
| 650 | 0 | |a Proyectos de inversión |9 261065 | |
| 650 | 7 | |a OPERACIONES A FUTURO |2 CL-VaPUC |9 518934 | |
| 650 | 0 | |a Riesgo |9 256420 | |
| 650 | 0 | |a Administración financiera |9 261146 | |
| 650 | 0 | |a Planificación estratégica |9 259735 | |
| 650 | 0 | |a Mercado financiero |9 334172 | |
| 583 | |a last modification |c 20070302 00:00:00 |k Rodrigo Vera | ||
| 999 | |c 324678 |d 324676 | ||
| 952 | |0 0 |1 0 |4 0 |6 332_100000000000000_ALL_2004 |7 0 |8 A |9 404970 |a BIBGIM |b BIBGIM |d 2019-11-22 |i 4315340 |o 332.1 ALL 2004 |p 4315340 |r 2025-01-15 |w 2019-11-22 |y BK |k COM | ||